000 00425cam a22001217a 4500
008 180718b1963 xxu||||| |||| 00| 0 eng d
082 _aR5x/In7/1
245 _aStudy on the training of skilled craftsman
_cby Institute of Applied Manpower Research
260 _a
_bInstitute of Applied Manpower Research
_c1963
300 _a93p
440 _aAd Hoc Manpower Study No,1
700 _aIndia. Institute of Applied Manpower Research
999 _c496074
_d496074